000
00243nam a2200097Ia 4500
001
1182471
005
20250827020835.0
008
250824s9999 xx 000 0 und d
245
0
_a
TAVAN ARASI SIRLARI
_c
NEHİR YARAR
260
_b
ALTIN KİTAPLAR
999
_c
1182471
_d
1182471